Samson agonistes
Guardado en:
| Autor principal: | |
|---|---|
| Formato: | Libro |
| Lenguaje: | inglés |
| Publicado: |
Londres
Blackie & Son
1900
|
| Colección: | Standard English Classics
|
| Materias: | |
| Etiquetas: |
Agregar Etiqueta
Sin Etiquetas, Sea el primero en etiquetar este registro!
|
MARC
| LEADER | 00000nam a2200000 a 4500 | ||
|---|---|---|---|
| 001 | UCQ3718 | ||
| 003 | CL-VaPUC | ||
| 008 | 980821e19000000UK |||||||||||||||||eng|d | ||
| 082 | 0 | 4 | |a 882.09 |b MIL |2 21 |
| 100 | |a Milton, John |e autor |9 337433 | ||
| 245 | 1 | 0 | |a Samson agonistes |
| 300 | |a 146 p | ||
| 942 | |c BK | ||
| 945 | |d 19980821 00:00:00 |a crobeson | ||
| 260 | |a Londres |b Blackie & Son |c 1900 | ||
| 650 | 0 | |a Tragedia griega |9 265362 | |
| 650 | 0 | |a Crítica e interpretación |9 255042 | |
| 583 | |a last modification |c 19980821 00:00:00 |k Rodrigo Vera | ||
| 490 | 0 | |a Standard English Classics | |
| 999 | |c 274234 |d 274232 | ||
| 952 | |0 0 |1 0 |4 0 |6 882_090000000000000_MIL_1900 |7 0 |8 A |9 310351 |a BIBEDU |b BIBEDU |d 2019-11-20 |i 1457411 |o 882.09 MIL 1900 |p 1457411 |r 2019-11-20 |w 2019-11-20 |y BK |k LIT | ||
| 952 | |0 0 |1 0 |4 0 |6 882_090000000000000_MIL_1900 |7 0 |8 A |9 310352 |a BIBEDU |b BIBEDU |d 2019-11-20 |i 145742K |o 882.09 MIL 1900 |p 145742K |r 2019-11-20 |w 2019-11-20 |y BK |k LIT | ||